[Event "Niederrhein-ch"]
[Site "Solingen"]
[Date "2014.04.14"]
[Round "3"]
[White "Klasmeier, Mario"]
[Black "Plueckelmann, Thomas"]
[Result "1-0"]
[WhiteElo "1888"]
[BlackElo "1780"]
[PlyCount "91"]
[EventDate "2014.04.12"]
[EventType "swiss"]
[EventRounds "7"]
[EventCountry "GER"]
[SourceTitle "EXT 2016"]
[Source "ChessBase"]
[SourceDate "2015.10.08"]
[SourceVersion "1"]
[SourceVersionDate "2015.10.08"]
[SourceQuality "1"]

1. e4 e6 2. Qe2 c5 3. Nf3 Nc6 4. g3 Nge7 5. Bg2 d5 6. 0-0 dxe4 7. Qxe4 Qd5 8. d3 Qxe4 9. dxe4 e5 10. c3 b6 11. Na3 Ba6 12. Rd1 Rd8 13. Rxd8+ Kxd8 14. Be3 f6 15. Bf1 Bxf1 16. Kxf1 a6 17. b4 Nc8 18. b5 axb5 19. Nxb5 Bd6 20. Nh4 g6 21. Bh6 Rg8 22. Rd1 Ke7 23. Bc1 N6a7 24. c4 Nxb5 25. cxb5 Na7 26. a4 Ra8 27. Bd2 Nc8 28. Ra1 Bc7 29. Bc3 Nd6 30. f3 Nc4 31. Ke2 Rd8 32. Ng2 Ke6 33. Ne3 Nxe3 34. Kxe3 Ra8 35. Kd3 h5 36. Kc4 Bd6 37. a5 bxa5 38. Rxa5 Rxa5 39. Bxa5 f5 40. Bb6 g5 41. Bxc5 Bb8 42. exf5+ Kxf5 43. Kd5 e4 44. fxe4+ Kf6 45. b6 Be5 46. Be7+ 1-0

[Event "SBDU-ch"]
[Site "Duisburg"]
[Date "2013.10.11"]
[Round "3"]
[White "Scharrenbroich, Torsten Michael"]
[Black "Plueckelmann, Thomas"]
[Result "1/2-1/2"]
[WhiteElo "1522"]
[BlackElo "1669"]
[PlyCount "96"]
[EventDate "2013.09.13"]
[EventType "swiss"]
[EventRounds "7"]
[EventCountry "GER"]
[SourceTitle "EXT 2015"]
[Source "ChessBase"]
[SourceDate "2014.11.20"]
[SourceVersion "1"]
[SourceVersionDate "2014.11.20"]
[SourceQuality "1"]

1. e4 e6 2. d4 d5 3. Nc3 Bb4 4. e5 c5 5. Nf3 Nc6 6. Bb5 Bd7 7. Bxc6 bxc6 8. 0-0 Ne7 9. a3 Bxc3 10. bxc3 Qa5 11. Bd2 Rb8 12. Qe2 c4 13. Nh4 Qa4 14. Bg5 Nf5 15. Nxf5 exf5 16. Bf4 Be6 17. h3 0-0 18. Rfc1 Rb2 19. Qh5 Rxc2 20. Rxc2 Qxc2 21. Rc1 Qb3 22. Qg5 Re8 23. Qg3 Qxa3 24. Bh6 Qf8 25. Ra1 Kh8 26. Bc1 Qe7 27. Ba3 Qb7 28. Bc5 Ra8 29. Qg5 a5 30. h4 h6 31. Qd2 Qb3 32. Bb4 a4 33. Qc1 a3 34. Rxa3 Rxa3 35. Bxa3 Kh7 36. h5 Qa2 37. Bb2 Qb3 38. Qb1 g6 39. Qc1 Qa2 40. g3 Qb3 41. Ba3 Kg7 42. hxg6 fxg6 43. Be7 Kh7 44. Bf8 g5 45. Kg2 Kg6 46. Qh1 h5 47. Qc1 Qb7 48. Qa3 Qd7 1/2-1/2

[Event "SBDU-ch"]
[Site "Duisburg"]
[Date "2013.09.27"]
[Round "2"]
[White "Plueckelmann, Thomas"]
[Black "Hampel, Ernst"]
[Result "1-0"]
[WhiteElo "1669"]
[BlackElo "1443"]
[PlyCount "100"]
[EventDate "2013.09.13"]
[EventType "swiss"]
[EventRounds "7"]
[EventCountry "GER"]
[SourceTitle "EXT 2015"]
[Source "ChessBase"]
[SourceDate "2014.11.20"]
[SourceVersion "1"]
[SourceVersionDate "2014.11.20"]
[SourceQuality "1"]

1. d4 Nf6 2. c4 c5 3. d5 e6 4. Nc3 exd5 5. cxd5 d6 6. Nf3 g6 7. g3 Bg7 8. Bg2 0-0 9. 0-0 Re8 10. Nd2 a6 11. a4 Nbd7 12. e4 Ne5 13. Qc2 Qe7 14. f4 Neg4 15. Nc4 Nd7 16. Bf3 Ngf6 17. Re1 Rb8 18. Bd2 b5 19. Na5 Rb6 20. Nc6 Qf8 21. axb5 axb5 22. Ra5 b4 23. Nb5 Bb7 24. Rea1 Bxc6 25. dxc6 Nb8 26. Be3 Nxc6 27. Nxd6 Nxa5 28. Nxe8 Qxe8 29. Rxa5 Nd7 30. e5 Bf8 31. Qc4 Qe6 32. Bd5 Qf5 33. Kg2 b3 34. Be4 Qe6 35. Qd5 Qxd5 36. Bxd5 Rb8 37. Kf3 Kg7 38. Ra7 Rd8 39. Bc4 g5 40. h3 Kg6 41. Rb7 Bg7 42. Bxb3 gxf4 43. gxf4 f5 44. Ba4 Nf8 45. Bxc5 Rd3+ 46. Be3 h5 47. Bc2 Rd7 48. Rb6+ Kf7 49. Bxf5 Rd5 50. Rb7+ Ke8 1-0

[Event "Niederrhein-ch "]
[Site "Krefeld"]
[Date "2012.04.04"]
[Round "5"]
[White "Klasmeier, Mario"]
[Black "Plueckelmann, Thomas"]
[Result "1-0"]
[WhiteElo "1853"]
[BlackElo "1681"]
[PlyCount "69"]
[EventDate "2012.03.31"]
[EventType "swiss"]
[EventRounds "7"]
[EventCountry "GER"]
[SourceTitle "EXT 2014"]
[Source "ChessBase"]
[SourceDate "2013.11.20"]
[SourceVersion "1"]
[SourceVersionDate "2013.11.20"]
[SourceQuality "1"]

1. e4 e6 2. d4 d5 3. Nc3 Bb4 4. e5 c5 5. a3 Bxc3+ 6. bxc3 Ne7 7. dxc5 Qa5 8. Bd2 Qxc5 9. Qg4 0-0 10. Nf3 Nbc6 11. Bd3 Ng6 12. 0-0 Ncxe5 13. Nxe5 Nxe5 14. Bxh7+ Kxh7 15. Qh5+ Kg8 16. Qxe5 Bd7 17. Rfb1 b6 18. Rb4 f6 19. Qh5 d4 20. Qg6 dxc3 21. Bh6 Qe7 22. Rg4 Rf7 23. Rd1 e5 24. Rg3 Rc8 25. h4 Rc6 26. Bxg7 Rxg7 27. Qxg7+ Qxg7 28. Rxg7+ Kxg7 29. Rxd7+ Kg6 30. Rxa7 f5 31. g3 e4 32. Rd7 Re6 33. Rc7 e3 34. fxe3 Rxe3 35. Kf2 1-0

[Event "Niederrhein-ch "]
[Site "Krefeld"]
[Date "2012.04.02"]
[Round "3"]
[White "Plueckelmann, Thomas"]
[Black "Wencki, Juergen"]
[Result "1/2-1/2"]
[WhiteElo "1681"]
[BlackElo "1807"]
[PlyCount "61"]
[EventDate "2012.03.31"]
[EventType "swiss"]
[EventRounds "7"]
[EventCountry "GER"]
[SourceTitle "EXT 2014"]
[Source "ChessBase"]
[SourceDate "2013.11.20"]
[SourceVersion "1"]
[SourceVersionDate "2013.11.20"]
[SourceQuality "1"]

1. d4 Nf6 2. c4 g6 3. Nc3 d5 4. Bf4 Bg7 5. e3 c6 6. Qa4 0-0 7. Bxb8 Rxb8 8. Qxa7 Be6 9. b3 b6 10. Qa3 dxc4 11. bxc4 c5 12. Nf3 Bg4 13. Rd1 Qc7 14. Be2 cxd4 15. Nb5 Qc5 16. Qxc5 bxc5 17. exd4 cxd4 18. Nfxd4 Bxe2 19. Nxe2 Rfc8 20. Rc1 Ng4 21. 0-0 Ne5 22. Rfd1 Rxc4 23. Rxc4 Nxc4 24. Nec3 Bxc3 25. Nxc3 Rb2 26. Ra1 Na3 27. Nd1 Rd2 28. Nc3 Rc2 29. Nd1 Rd2 30. Nc3 Rc2 31. Nd1 1/2-1/2

[Event "Duisburg SBDU-ch"]
[Site "Duisburg Rheinhausen"]
[Date "2010.10.01"]
[Round "2"]
[White "Plueckelmann, Thomas"]
[Black "Hamm, Michael"]
[Result "1-0"]
[WhiteElo "1681"]
[BlackElo "1609"]
[PlyCount "77"]
[EventDate "2010.09.17"]
[EventType "swiss"]
[EventRounds "7"]
[EventCountry "GER"]
[SourceTitle "EXT 2018"]
[Source "ChessBase"]
[SourceDate "2017.10.13"]
[SourceVersion "1"]
[SourceVersionDate "2017.10.13"]
[SourceQuality "1"]

1. d4 Nf6 2. c4 c5 3. d5 e6 4. Nc3 exd5 5. cxd5 d6 6. Nf3 g6 7. g3 Bg7 8. Bg2 a6 9. a4 0-0 10. 0-0 Bg4 11. Nd2 Nbd7 12. h3 Bf5 13. e4 Nxd5 14. Nxd5 Be6 15. Nc4 Ne5 16. Nxd6 Bg4 17. Nxb7 Bxd1 18. Nxd8 Bb3 19. Nb7 Nd3 20. Nc3 Rab8 21. Na5 Be6 22. Ra3 Nxc1 23. Rxc1 Rxb2 24. Nd5 Bd4 25. Rf1 f5 26. exf5 Bxf5 27. Ne7+ Kg7 28. Nxf5+ Rxf5 29. Rf3 Rxf3 30. Bxf3 Rb4 31. Bd1 Rb2 32. Nb3 Kf6 33. Nxd4 cxd4 34. Re1 a5 35. Kf1 h5 36. Re2 Rxe2 37. Kxe2 Ke5 38. Kd3 Kd5 39. Bb3+ 1-0

[Event "Duisburg SBDU-ch"]
[Site "Duisburg Rheinhausen"]
[Date "2010.09.17"]
[Round "1"]
[White "Kerkhoff, Johannes"]
[Black "Plueckelmann, Thomas"]
[Result "0-1"]
[WhiteElo "1416"]
[BlackElo "1681"]
[PlyCount "70"]
[EventDate "2010.09.17"]
[EventType "swiss"]
[EventRounds "7"]
[EventCountry "GER"]
[SourceTitle "EXT 2018"]
[Source "ChessBase"]
[SourceDate "2017.10.13"]
[SourceVersion "1"]
[SourceVersionDate "2017.10.13"]
[SourceQuality "1"]

1. e4 e6 2. d4 d5 3. exd5 exd5 4. Bd3 Bd6 5. h3 Ne7 6. Nf3 Nbc6 7. c3 0-0 8. Be3 Bf5 9. Qc2 Qd7 10. Nbd2 Rfe8 11. Nf1 b6 12. 0-0-0 a5 13. Qa4 Bxd3 14. Rxd3 Qf5 15. Qd1 b5 16. Nh4 Qe4 17. Nf3 b4 18. Rg1 bxc3 19. bxc3 Rab8 20. Kc2 Ba3 21. Bc1 Bxc1 22. Qxc1 Qe2+ 23. Qd2 Nf5 24. Ne3 Nxe3+ 25. fxe3 Qxd2+ 26. Nxd2 f6 27. a4 Kf7 28. Rb1 Ke6 29. Rxb8 Rxb8 30. e4 Ne7 31. exd5+ Nxd5 32. g3 Nb6 33. Kb3 Kd5 34. Rf3 Nc4+ 35. Kc2 Rb2+ 0-1

[Event "Duisburg SBDU-ch"]
[Site "Duisburg Wohndorf Laar"]
[Date "2009.12.04"]
[Round "7"]
[White "Plueckelmann, Thomas"]
[Black "Kleff, Andre"]
[Result "0-1"]
[WhiteElo "1699"]
[BlackElo "2094"]
[PlyCount "114"]
[EventDate "2009.09.11"]
[EventType "swiss"]
[EventRounds "7"]
[EventCountry "GER"]
[SourceTitle "EXT 2018"]
[Source "ChessBase"]
[SourceDate "2017.10.13"]
[SourceVersion "1"]
[SourceVersionDate "2017.10.13"]
[SourceQuality "1"]

1. d4 g6 2. e4 Bg7 3. Be3 c6 4. Nc3 d5 5. exd5 cxd5 6. Qd2 Nc6 7. Nf3 h5 8. h3 Nh6 9. b3 a6 10. Na4 Nf5 11. c3 Nd6 12. Bd3 Bf5 13. Bxf5 Nxf5 14. 0-0 e6 15. Rac1 Nxe3 16. fxe3 0-0 17. c4 dxc4 18. Rxc4 Ne7 19. Rc2 Bh6 20. Nc5 Nf5 21. Re1 Qe7 22. Qd3 Rfc8 23. e4 Nd6 24. d5 e5 25. Qe2 Rc7 26. Nd3 Rxc2 27. Qxc2 Rc8 28. Qb2 f6 29. Nh4 Kh7 30. Kh1 Bg7 31. Nf3 Bh6 32. Re2 a5 33. Re1 b6 34. Re2 b5 35. a3 Qc7 36. Nfxe5 fxe5 37. Qxe5 Re8 38. Qg3 Qe7 39. e5 Nf5 40. Qf2 h4 41. Kg1 Qxa3 42. d6 Nxd6 43. exd6 Rxe2 44. Qxe2 Qxd6 45. Qf3 Qd4+ 46. Kh2 b4 47. Qf7+ Bg7 48. Nf4 Qd6 49. Kh1 Kh6 50. Ne6 Qd1+ 51. Kh2 Be5+ 52. Nf4 Qd6 53. g3 hxg3+ 54. Kxg3 Bxf4+ 55. Qxf4+ Qxf4+ 56. Kxf4 a4 57. bxa4 b3 0-1

[Event "Duisburg SBDU-ch"]
[Site "Duisburg Wohndorf Laar"]
[Date "2009.11.06"]
[Round "5"]
[White "Plueckelmann, Thomas"]
[Black "Junker, Bernd"]
[Result "1/2-1/2"]
[WhiteElo "1699"]
[BlackElo "1643"]
[PlyCount "42"]
[EventDate "2009.09.11"]
[EventType "swiss"]
[EventRounds "7"]
[EventCountry "GER"]
[SourceTitle "EXT 2018"]
[Source "ChessBase"]
[SourceDate "2017.10.13"]
[SourceVersion "1"]
[SourceVersionDate "2017.10.13"]
[SourceQuality "1"]

1. d4 d5 2. Nf3 Nf6 3. c4 e6 4. e3 Be7 5. Bd3 0-0 6. 0-0 Nbd7 7. Nc3 dxc4 8. Bxc4 c5 9. a3 cxd4 10. exd4 Qc7 11. Ba2 Nb6 12. Qe2 Rd8 13. Nb5 Qb8 14. g3 Nbd5 15. Bd2 a6 16. Nc3 b5 17. Nxd5 Nxd5 18. Ba5 Rd6 19. Rfc1 Bd8 20. Bxd8 Rxd8 21. Rc5 Bb7 1/2-1/2

[Event "Rheinhausen-ch 13th"]
[Site "Duisburg Rheinhausen"]
[Date "2009.01.30"]
[Round "3"]
[White "Kerkhoff, Johannes"]
[Black "Plueckelmann, Thomas"]
[Result "1-0"]
[WhiteElo "1451"]
[BlackElo "1657"]
[PlyCount "40"]
[EventDate "2009.01.09"]
[EventType "swiss"]
[EventRounds "7"]
[EventCountry "GER"]
[SourceTitle "EXT 2018"]
[Source "ChessBase"]
[SourceDate "2017.10.13"]
[SourceVersion "1"]
[SourceVersionDate "2017.10.13"]
[SourceQuality "1"]

1. e4 e6 2. c4 d5 3. Nc3 d4 4. Nce2 c5 5. Nf3 Nc6 6. a3 Nf6 7. Ng3 Bd6 8. d3 h6 9. Be2 0-0 10. 0-0 Qb6 11. Qc2 e5 12. Bd2 Bd7 13. Qc1 Kh7 14. Nh4 Na5 15. Bd1 Rad8 16. Nhf5 Bxf5 17. Nxf5 Nb3 18. Bxb3 Qxb3 19. Bxh6 Ne8 20. Bxg7 Nxg7 1-0